Tégla a narancsok között A targoncák még jók... /

Elmentve itt :
Bibliográfiai részletek
Szerző: Horváth István
Dokumentumtípus: Cikk
Megjelent: 1979-03-27
Sorozat:Délmagyarország 69 No. 72
Kulcsszavak:belkereskedelem
Online Access:http://dmarchiv.bibl.u-szeged.hu/108503
LEADER 00482nab a2200157 i 4500
001 delm108503
005 20190524101350.0
008 190524s1979 hu o 0|| hun d
040 |a SZTE Délmagyarország Archívum  |b hun 
041 |a hun 
100 1 |a Horváth István 
245 1 0 |a Tégla a narancsok között   |h [elektronikus dokumentum] :  |b A targoncák még jók... /  |c  Horváth István 
260 |c 1979-03-27 
300 |a 5 
490 0 |a Délmagyarország  |v 69 No. 72 
695 |a belkereskedelem